20 Continental Capitals Likely to be Closest to Random Point - Statistics

General Stats
  • This quiz has been taken 607 times
  • The average score is 8 of 20
Answer Stats
% Capital % Correct
1.3% Washington DC
86%
10.8% Mexico City
73%
4.2% Ottawa
73%
2.2% Brasília
72%
8.2% Santiago
57%
2.1% Lima
54%
5.0% Cape Town
47%
2.0% Ulaanbaatar
42%
2.9% Montevideo
36%
1.4% Oslo
36%
9.3% Seoul
36%
0.9% Astana
34%
1.1% Lisbon
30%
1.6% Pyongyang
24%
11.0% Kuala Lumpur
23%
2.1% Mogadishu
18%
2.6% Maputo
15%
1.5% Paramaribo
13%
1.7% Phnom Penh
7%
1.1% Monrovia
5%
No matching quizzes found
Score Distribution
Percent of People with Each Score
Percentile by Number Answered
Your Score History
You have not taken this quiz